000 01520nam a2200349 c 4500
999 _c405559
_d405559
003 BLK
005 20210622090506.0
008 180412b bul|||||r ||||||| ||bul||
040 _aBLK
041 _aBUL
_cBUL
080 _aПари. Валута. Междунар. монетни конвенции - Видове пари. Размяна на пари, международни пари, инфлация, монетарна теория и др. Вж и 737.1
_b336.74
_z336.74
100 _aТеодоров, Георги
_eпърви автор
_9446684
139 _aТеодоров, Георги
_bТ 49
245 1 0 _aМеждународното камбио
_bСтудия и ръководство
_cГеорги Теодоров
257 _aBGR
260 _bпеч. Перец Йос. Алкалай
_c1891
_fРусе : Перец Йос. Алкалай
_9215046
_aРусе
300 _a95 с.
_bс табл., 4 л. : табл., 1 л. : диагр.
_c23 см
380 _a3
490 _9435080
_aКолекция Редки и ценни издания
650 4 _aВалута
_9150374
650 4 _aВалутни отношения
_9244598
653 _aвалута
852 _bРц
_cЦб Рб 891
856 4 _qpdf
_u
856 4 _qpdf
_u
942 _cKNG
_n0
_s1
944 _aCR
_c2021-04-05
_kНР
999 _d405559